| 000 | 00000nam##2200000za#4500 |
| 001 | 9.695822 |
| 003 | CaOODSP |
| 005 | 20210624234742 |
| 007 | cr ||||||||||| |
| 008 | 150407|2001||||xxc|||||o f|0| 0 eng|d |
| 040 | |aCaOODSP|beng |
| 043 | |an-cn--- |
| 086 | 1 |aEn104-3/2001E-PDF |
| 110 | 1 |aCanada. |bCanadian Environmental Assessment Agency. |
| 245 | 10|aStrengthening environmental assessment for Canadians : |h[electronic resource]|breport of the Minister of the Environment to the Parliament of Canada on the review of the Canadian Environmental Assessment Act |
| 260 | |aOttawa - Ontario : |bCanadian Environmental Assessment Agency |cMarch 2001. |
| 300 | |a37p.|billus., table |
| 500 | |aThe catalogue number (En104-3/2001) and ISBN (0-662-65256-8) for the bilingual print edition have been incorrectly copied in this electronic publication. |
| 520 | 3 |aThis report to Parliament conveys the findings and recommendations of the review of the Canadian Environmental Assessment Act (the Act). The report provides the context for the federal government's bill, An Act to amend the Canadian Environmental Assessment Act.--Executive Summary |
| 590 | |a12-16-Supp|b2012-04-17 |
| 690 | 07|aEnvironmental impact assessment|2gcpds |
| 690 | 07|aEnvironmental law|2gcpds |
| 690 | 07|aEnvironmental management|2gcpds |
| 775 | 08|tRenforcer l'évaluation environnementale pour les Canadiens : |w(CaOODSP)9.639913 |
| 776 | 0#|tStrengthening environmental assessment for Canadians: report of the Minister of the Environment to the Parliament of Canada on the review of the Canadian Environmental Assessment Act |w(CaOODSP)9.662199 |
| 776 | 0#|tRenforcer l'évaluation environnementale pour les Canadiens: rapport du ministre de l'Environnement au Parlement canadien sur l'examen de la Loi canadienne sur l'évaluation environnementale |w(CaOODSP)9.662200 |
| 856 | 40|ahttp://publications.gc.ca|qPDF|s553 KB|uhttps://publications.gc.ca/collections/Collection/EN104-3-2001E.pdf |